[Event "San Francisco TNM Fall op"]
[Site "San Francisco"]
[Date "2013.12.17"]
[Round "9"]
[White "Rakonitz, David"]
[Black "Melchor, Malvar"]
[Result "1/2-1/2"]
[WhiteElo "1521"]
[BlackElo "1619"]
[PlyCount "56"]
[EventDate "2013.10.22"]
[EventType "swiss"]
[EventRounds "9"]
[EventCountry "USA"]
[SourceTitle "EXT 2016"]
[Source "ChessBase"]
[SourceDate "2015.10.08"]
[SourceVersion "1"]
[SourceVersionDate "2015.10.08"]
[SourceQuality "1"]

1. d4 c5 2. dxc5 Qa5+ 3. Nc3 Qxc5 4. Nf3 Nf6 5. Qd4 Qxd4 6. Nxd4 a6 7. e4 d6 8. Bd3 Nbd7 9. 0-0 e5 10. Nb3 Be7 11. f3 0-0 12. Be3 b5 13. Na5 Nc5 14. Nc6 Bd8 15. Nxd8 Rxd8 16. Rfd1 Bb7 17. Bg5 h6 18. Bh4 g5 19. Bf2 Bc6 20. b4 Ncd7 21. Bf1 Ne8 22. Ne2 Ndf6 23. Ng3 Bd7 24. Rac1 Rdc8 25. a3 Be6 26. Bd3 Rc6 27. Be1 Rac8 28. c3 Kg7 1/2-1/2

[Event "San Francisco TNM Fall op"]
[Site "San Francisco"]
[Date "2011.10.25"]
[Round "2"]
[White "Anderson, Michael Gene"]
[Black "Melchor, Malvar"]
[Result "1-0"]
[WhiteElo "1900"]
[BlackElo "1574"]
[PlyCount "57"]
[EventDate "2011.10.18"]
[EventType "swiss"]
[EventRounds "9"]
[EventCountry "USA"]
[SourceTitle "EXT 2016"]
[Source "ChessBase"]
[SourceDate "2015.10.08"]
[SourceVersion "1"]
[SourceVersionDate "2015.10.08"]
[SourceQuality "1"]

1. e4 d6 2. d4 g6 3. Nf3 Bg7 4. Be2 c6 5. 0-0 Qc7 6. c4 Nf6 7. Nc3 0-0 8. h3 Re8 9. Be3 Nbd7 10. Rc1 a6 11. Qd2 e6 12. b4 Nf8 13. a4 b6 14. Rfd1 N6d7 15. d5 Bxc3 16. Rxc3 Nf6 17. Bh6 Nxe4 18. Qd4 f5 19. Re3 e5 20. Qa1 Bb7 21. Rxe4 fxe4 22. Ng5 Bc8 23. Nxe4 Nd7 24. dxc6 Qxc6 25. Nxd6 Bb7 26. Bf3 Qc7 27. Bxb7 Nf6 28. Bxa8 Rxa8 29. Qxe5 1-0